South Africa and contemporary counterinsurgency : roots, practices, prospects (Record no. 124522)

MARC details
000 -LEADER
fixed length control field 00335nam a2200097Ia 4500
082 ## - DEWEY DECIMAL CLASSIFICATION NUMBER
Classification number 355.0218096 SOUT
008 - FIXED-LENGTH DATA ELEMENTS--GENERAL INFORMATION
fixed length control field 210817s9999 xx 000 0 und d
100 ## - MAIN ENTRY--PERSONAL NAME
Personal name Baker, Deane-Peter Claremont [South Africa], 2010
9 (RLIN) 34326
245 #0 - TITLE STATEMENT
Title South Africa and contemporary counterinsurgency : roots, practices, prospects
942 ## - ADDED ENTRY ELEMENTS
item type Books
Holdings
Withdrawn status Lost status Damaged status Not for loan Home library Current library Date acquired Cost, normal purchase price Total Checkouts Barcode Date last seen Price effective from item type
        Emakhazeni Main PL (MMID-PLEMA) Emakhazeni Main PL (MMID-PLEMA) 17.08.2021 285.00   3322810096700 17.08.2021 17.08.2021 Books